00592nam a2200181Ia 4500003000900000008004100009020001800050040001600068080001900084100002100103245012500124260004900249300001400298650004100312650002600353650001100379650002000390IN-BaIIA211028s9999 xx 000 0 eng d a0-87590-215-4 cIIA Library a551.594.5bEAT aEather, Robert H 0aMajestic lightsbthe aurora in science, history and the artscRobert H Eather  aWashingtonbAmerican Geophysical Unionc1980 aix, 323p. aAstronomy and astrophysics thesaurus aAtmospheric radiation aAurora aMajestic lights